Police officers' encounters with disrespectful citizens
| 1. VerfasserIn: | |
|---|---|
| Medienart: | Druck Buch |
| Sprache: | Englisch |
| Veröffentlicht: |
El Paso, Tex.
LFB Scholarly Publ.
2012
|
| In: | Jahr: 2012 |
| Online-Zugang: |
Inhaltsverzeichnis Klappentext (Verlag) |
| Bestand in Tübingen: | In Tübingen vorhanden. UB: KB 20 A 5998 |
| Verfügbarkeit prüfen: | HBZ Gateway |
| Subito Bestelldienst: | Jetzt bestellen. |
| Schlagwörter: |
MARC
| LEADER | 00000cam a2200000 c 4500 | ||
|---|---|---|---|
| 001 | 161375048X | ||
| 003 | DE-627 | ||
| 005 | 20240509200836.0 | ||
| 007 | tu | ||
| 008 | 111109s2012 xx ||||| 00| ||eng c | ||
| 020 | |a 9781593324896 |9 978-1-59332-489-6 | ||
| 035 | |a (DE-627)161375048X | ||
| 035 | |a (DE-576)352885939 | ||
| 035 | |a (DE-599)BSZ352885939 | ||
| 035 | |a (OCoLC)767910910 | ||
| 040 | |a DE-627 |b ger |c DE-627 |e rakwb | ||
| 041 | |a eng | ||
| 084 | |a 2,1 |2 ssgn | ||
| 100 | 1 | |a Pizio, William C. |d 1965- |0 (DE-588)1029196249 |0 (DE-627)732581028 |0 (DE-576)32247230X |4 aut | |
| 109 | |a Pizio, William C. 1965- | ||
| 245 | 1 | 0 | |a Police officers' encounters with disrespectful citizens |c William C. Pizio |
| 264 | 1 | |a El Paso, Tex. |b LFB Scholarly Publ. |c 2012 | |
| 300 | |a IX, 231 S. | ||
| 336 | |a Text |b txt |2 rdacontent | ||
| 337 | |a ohne Hilfsmittel zu benutzen |b n |2 rdamedia | ||
| 338 | |a Band |b nc |2 rdacarrier | ||
| 490 | 0 | |a Criminal justice |a recent scholarship | |
| 583 | 1 | |a Archivierung/Langzeitarchivierung gewährleistet |f SSG |x XA-DE-BW |2 pdager |5 DE-21 | |
| 689 | 0 | 0 | |d g |0 (DE-588)4078704-7 |0 (DE-627)106076612 |0 (DE-576)209209682 |a USA |2 gnd |
| 689 | 0 | 1 | |d s |0 (DE-588)4046595-0 |0 (DE-627)106197525 |0 (DE-576)209070196 |a Polizei |2 gnd |
| 689 | 0 | 2 | |d s |0 (DE-588)4008764-5 |0 (DE-627)104629584 |0 (DE-576)208878173 |a Bürger |2 gnd |
| 689 | 0 | 3 | |d s |0 (DE-588)4480321-7 |0 (DE-627)237671743 |0 (DE-576)21286985X |a Missachtung |2 gnd |
| 689 | 0 | |5 (DE-627) | |
| 689 | 1 | 0 | |d g |0 (DE-588)4022153-2 |0 (DE-627)104665513 |0 (DE-576)208942076 |a Großbritannien |2 gnd |
| 689 | 1 | 1 | |d s |0 (DE-588)4046595-0 |0 (DE-627)106197525 |0 (DE-576)209070196 |a Polizei |2 gnd |
| 689 | 1 | 2 | |d s |0 (DE-588)4008764-5 |0 (DE-627)104629584 |0 (DE-576)208878173 |a Bürger |2 gnd |
| 689 | 1 | 3 | |d s |0 (DE-588)4480321-7 |0 (DE-627)237671743 |0 (DE-576)21286985X |a Missachtung |2 gnd |
| 689 | 1 | |5 (DE-627) | |
| 856 | 4 | 2 | |u https://swbplus.bsz-bw.de/bsz352885939inh.htm |m B:DE-576;DE-21 |q application/pdf |v 20130107102834 |x Verlag |3 Inhaltsverzeichnis |7 1 |
| 856 | 4 | 2 | |u https://swbplus.bsz-bw.de/bsz352885939kla.htm |m B:DE-576;DE-21 |q application/pdf |v 20130107102834 |x Verlag |3 Klappentext |7 1 |
| 951 | |a BO | ||
| ELC | |b 1 | ||
| LOK | |0 000 xxxxxcx a22 zn 4500 | ||
| LOK | |0 001 3178036318 | ||
| LOK | |0 003 DE-627 | ||
| LOK | |0 004 161375048X | ||
| LOK | |0 005 20121219163324 | ||
| LOK | |0 008 111109||||||||||||||||ger||||||| | ||
| LOK | |0 040 |a DE-21 |c DE-627 |d DE-21 | ||
| LOK | |0 852 |a DE-21 | ||
| LOK | |0 852 1 |c KB 20 A 5998 |9 00 | ||
| LOK | |0 935 |a krim | ||
| LOK | |0 936ln |a k4..8.1 | ||
| LOK | |0 938 |a 1212 |f 34 | ||
| LOK | |0 939 |a 09-11-11 |b l01 | ||
| ORI | |a SA-MARC-krimdoka001.raw | ||
| SIG | |a UB: KB 20 A 5998 | ||
| TIM | |a 100017070101_100020261231 |b 1707 - 2026 | ||
